000 01100nam0a22002771 4500
001 rc\4520172
005 20260408080742.0
021 _aRU
_bРг4416-64
035 _a(NLR Aleph) 008350566
090 _a8934882
_c8934882
100 _a20130416d1964 |||y0rusy50 ca
101 0 _arus
102 _aRU
105 _ay z |||||
200 1 _aОсновные проблемы в изучении древнеамериканского искусства
210 _aМосква
_cНаука
_d1964
215 _a11 с.
_d20
225 1 _aVII Международный конгресс антропологии и этнографических наук. Москва, август 1964 г.
300 _aБез тит. л.
700 1 _aКинжалов
_bР.В.
_f1920-
_gРостислав Васильевич
712 1 2 _aМеждународный конгресс антропологов и этнографов
_d7
_f1964
_eМосква
_3RU\NLR\AUTH\8810101735
_9704267
801 0 _aRU
_bNLR
_gpsbo
801 1 _aRU
_bELAR
_2rusmarc
852 _aNLR
_j64-4/8621
942 _cBOOK
980 _aNB